Concepts in inorganic chemistry (Record no. 1715488)

MARC details
000 -LEADER
fixed length control field 01012 a2200229 4500
005 - DATE AND TIME OF LATEST TRANSACTION
control field 20260417112813.0
008 - FIXED-LENGTH DATA ELEMENTS--GENERAL INFORMATION
fixed length control field 260417b |||||||| |||| 00| 0 eng d
020 ## - INTERNATIONAL STANDARD BOOK NUMBER
International Standard Book Number 9789370449107
040 ## - CATALOGING SOURCE
Original cataloging agency CSL
Transcribing agency CSL
041 ## - LANGUAGE CODE
Source of code eng.
Language code of text/sound track or separate title eng.
084 ## - COLON CLASSIFICATION NUMBER
Classification number E1 R6 carc
Assigning agency CSL
100 ## - MAIN ENTRY--PERSONAL NAME
Personal name Kumari, Sanju
9 (RLIN) 1132144
Relator term author.
245 ## - TITLE STATEMENT
Title Concepts in inorganic chemistry
260 ## - PUBLICATION, DISTRIBUTION, ETC.
Name of publisher, distributor, etc. Asia Publishers and Distributors ,
Date of publication, distribution, etc. 2026 .
Place of publication, distribution, etc. New Delhi :
300 ## - PHYSICAL DESCRIPTION
Extent ix, 270p.
Other physical details : ill.
Dimensions ; 23cm.
500 ## - GENERAL NOTE
General note Includes bibliography and index
520 ## - SUMMARY, ETC.
Summary, etc. This book builds the foundation of organic chemistry in a simple and clear way. It explains core ideas like bonding, resonance, reaction mechanisms, intermediates, and types of reactions so students understand how and why reactions happen, not just memorize them.
650 ## - SUBJECT ADDED ENTRY--TOPICAL TERM
Topical term or geographic name entry element Osmotic pressure.
9 (RLIN) 1235011
650 ## - SUBJECT ADDED ENTRY--TOPICAL TERM
Topical term or geographic name entry element Catalysis.
9 (RLIN) 1235012
650 ## - SUBJECT ADDED ENTRY--TOPICAL TERM
Topical term or geographic name entry element Clausius-clapeyron relation.
9 (RLIN) 1235013
942 ## - ADDED ENTRY ELEMENTS (KOHA)
Koha item type Textual
Source of classification or shelving scheme Colon Classification (CC)
Classification part E1 R6 carc
Holdings
Withdrawn status Lost status Source of classification or shelving scheme Damaged status Not for loan Home library Current library Date acquired Source of acquisition Cost, normal purchase price Total Checkouts Full call number Barcode Date last seen Cost, replacement price Price effective from Koha item type
    Colon Classification (CC)     Central Science Library Department of Chemistry Library 2026-03-25 Capital books 2080.00   E1 R6 carc CD0009484 2026-03-25 2600.00 2026-03-25 Textual
Copyright @ Delhi University Library System